| 000 | 00342 a2200133 4500 | ||
|---|---|---|---|
| 001 | 92383 | ||
| 082 | _a923.15491 RAZ | ||
| 090 |
_c44352 _d44353 |
||
| 100 | _aKhwaja Razi Haider | ||
| 245 |
_aQuaid Azam ke 27 saal; 1876-1947 _cKhwaja Razi Haidar |
||
| 260 |
_aLahore _bFiction house _c2014 |
||
| 300 | _a328 p. | ||
| 520 | _aquaid-e-zam | ||
| 942 |
_aNUST-CAE _k923.15491 RAZ |
||
| 999 |
_c327456 _d327456 |
||